00709 a2200169 45000010006000000050017000060080041000230030015000640400040000790800058001192450034001772640032002113000018002435050241002610410008005021000029005103012420260407155612.0260407a1994 arg spa dAR-UNSa-BCEJYS aAR-UNSa-BCEJYSbspacAR-UNSa-BCEJYS a657(083)xResoluciones Técnicas Contables. Informes10aResoluciones técnicas 8 y 9 1aBuenos Aires :bReisac1994 a50 p.c28 cm. a1. Lineamientos generales - 2. Normas comunes a todos los estados contables - 3. Estado de situación patrimonial o balance general - 4. Clasificación de rubros - 5. Estado de resultados - 6. Estado de evolución del patrimonio neto aspa1 aSenderovich, Pablo David